| 000 | 00654nam a2200181 a 4500 | ||
|---|---|---|---|
| 008 | 160706s2012 ||||||||||||||||| || u | ||
| 020 | _a9781848608702 | ||
| 050 | _aG 155.A1 Ink | ||
| 100 | _aInkson, Clare | ||
| 245 | 1 | 0 |
_aTourism management: an introduction _cBy Clare Inkson [and] Lynn Minnaert |
| 260 |
_aLos Angeles _bSAGE Publications _c2012 |
||
| 300 | _axiv, 432p.: ill. | ||
| 350 | _a66.00 | ||
| 650 | _aTOURISM | ||
| 650 | _aTOURISM--MANAGEMENT | ||
| 700 | _aMinnaert, Lynn | ||
| 995 |
_FCBU-MAIN LIBRARY (Kitwe) _I66.00 _M1 _UAVAILABLE _WJul 14, 2016 _ZMain Library Open Access Collection |
||
| 999 |
_c60022 _d60022 |
||